| 000 | 01458nam a2200445 c 4500 | ||
|---|---|---|---|
| 001 | 24550 | ||
| 003 | ES-MaCES | ||
| 005 | 20220408040012.0 | ||
| 008 | 120705s2012 sp t 000 | spa d | ||
| 017 |
_aV 930-2012 _bDL |
||
| 020 | _a9788490048702 | ||
| 035 | _aCES20120004767m | ||
| 040 |
_aES-MaCES _bspa _cES-MaCES |
||
| 100 | 1 |
_aRuiz-Rico Ruiz, Catalina _922895 |
|
| 245 | 1 | 3 |
_aEl derecho constitucional a conciliar la vida laboral, familiar y personal _cCatalina Ruiz-Rico Ruiz |
| 260 |
_aValencia _bTirant lo Blanch _c2012 |
||
| 300 |
_a195 p. _c22 cm |
||
| 490 | 1 |
_aTirant monografías _v802 |
|
| 504 | _aBibliografía: p. 187-195 | ||
| 541 | _cCompra | ||
| 650 | 4 |
_aconciliación _927303 |
|
| 650 | 4 |
_atrabajo _928289 |
|
| 650 | 4 |
_aderechos de los trabajadores _929924 |
|
| 650 | 4 |
_afamilia _927318 |
|
| 650 | 4 |
_aresponsabilidades familiares _930598 |
|
| 650 | 4 |
_avida privada _929238 |
|
| 650 | 4 |
_adiscriminación _927180 |
|
| 650 | 4 |
_adiscriminación por razones de sexo _929521 |
|
| 650 | 4 |
_aigualdad de oportunidades _927183 |
|
| 650 | 4 |
_aderecho constitucional _927158 |
|
| 650 | 4 |
_aderecho del trabajo _927165 |
|
| 650 | 4 |
_aderecho jurisprudencial _929863 |
|
| 650 | 4 |
_aEspaña _926964 |
|
| 650 | 4 |
_arégimen jurídico _929894 |
|
| 653 | 1 | 0 | _aDerecho constitucional |
| 830 | 0 |
_aTirant monografías _v802 _932480 |
|
| 902 | _aLIB Libro | ||
| 942 |
_2CES _cBK _h6.0.3. |
||
| 999 |
_c24550 _d24550 |
||